00713nam a2200241 a 45000010005000000030008000050050017000130080041000300350018000710400037000890410008001260600023001340820024001571000021001812450056002022600048002583000028003064900038003345000020003726500025003926500016004178300038004338571BD-RjUL20211208234619.0140119r19601958nyua 001 0 eng d a(BD-RjUL)8616 aNLMcNLMdWSUdCRDdBD-RjULbeng aeng0 aQA 276bF841s 195800223a519.5bFRS 196010aFraser, D. A. S.10aStatistics :ban introduction /cby D. A. S. Fraser aNew York :bWiley,cc1958 [reprinted 1960]. aix, 398 p. :bill.,c241 aWiley publications in statistics. aIncludes index. 2aStatistics as Topic. 0aStatistics. 0aWiley publications in statistics.